LEADER 01465nam a2200313 u 4500 001 000000057587 003 CaOOAMICUS 005 20070226120611.0 008 010511s1983 it u000 u ita u 020 $a8835925703 035 $a10888434 040 $aPUL(R)$bita 100 1 $aLosurdo, Domenico,$d1941-$0(OLS)http://pul/name/38729 245 10$aTra Hegel e Bismarck :$bla rivoluzione del 1848 e la crisi della cultura tedesca /$cDomenico Losurdo. 260 $aRoma :$bEdizioni Riuniti,$c1989. 300 $a349 p. ;$c22 cm 490 1 $aNuova biblioteca di cultura ;$v236 500 $aContiene indici. 504 $aBibliografia in nota. 600 14$aHegel, Karl,$d1813-1901$xFilosofia.$0(OLS)http://pul/subject/22905 600 14$aBismarck, Otto,$cFürst von,$d1815-1898$xAttività politica.$0(OLS)http://pul/subject/22906 651 4$aEuropa$xStoria$y1789-1900.$0(OLS)http://pul/subject/7302 830 0$aNuova biblioteca di cultura (Editori Riuniti) ;$v236.$0(OLS)http://pul/title/58830 850 $aPUL 852 $aPUL$W1$xDP1 Altre Collocazioni$y17$mSenza collocazione$j12$nBK-PRI$b $qStampati$B75298$CPULBib$Z2$F75298 $H $81 941 1 $a8 996 $6020$a8835925703$9(OLS)http://pul/number/72774 996 $6245$aTra Hegel e Bismarck :$bla rivoluzione del 1848 e la crisi della cultura tedesca$9(OLS)http://pul/title/77110 996 $6260$aRoma :$bEdizioni Riuniti$9(OLS)http://pul/publisher/69477 LEADER 01697nam a2200349 u 4500 001 000000076368 003 CaOOAMICUS 005 20070226123213.0 008 031125s1967 fr u000 u fre u 035 $a10977423 040 $aPUL(R)$bita 041 1 $afre$agrc 100 1 $aPsellus, Michael,$d1018-1078.$0(OLS)http://pul/name/6022 245 10$aChronographie, :$bou Histoire d'un siècle de Byzance (976-1077) /$cMichel Psellos ; texte établi et traduit par Émile Renauld. 246 33$aHistoire d'un siècle de Byzance (976-1077) 246 34$aPsello's Chronographie 260 $aParis :$bLes Belles Lettres,$c1967. 300 $a2 v. ;$c20 cm 490 1 $aCollection byzantine 500 $aTesto greco con traduzione francese a fronte. 504 $aBibliografia in nota. 651 4$aImpero bizantino$xStoria.$0(OLS)http://pul/subject/778 700 1 $aRenauld, Emile,$d1870-$0(OLS)http://pul/name/50791 830 0$aCollection byzantine.$0(OLS)http://pul/title/9988 850 $aPUL 852 $aPUL$W1$xDP2 Filosofia 1$y62$m130(1) E 3.1$j192874$nBK-PRI$b v.1$qStampati$B98121$CPULBib$Z2$F98121 $H28410-28411 $81 852 $aPUL$W1$xDP2 Filosofia 1$y62$m130(1) E 3.2$j192875$nBK-PRI$bv.2$qStampati$B98122$CPULBib$Z2$F98122 $H28410-28411 $81 941 1 $a8 996 $6245$aChronographie, :$bou Histoire d'un siècle de Byzance (976-1077)$9(OLS)http://pul/title/100181 996 $6246$aHistoire d'un siècle de Byzance (976-1077)$9(OLS)http://pul/title/100182 996 $6246$aPsello's Chronographie$9(OLS)http://pul/title/100183 996 $6260$aParis :$bLes Belles Lettres$9(OLS)http://pul/publisher/48357